00361nam a2200133 a 45000010010000000030011000100080041000210350026000620820014000881000028001022450037001302600052001676500008002190000-8707ELIB.Books110520 1933  a(ELIB.Books)0000-8853 a211 bHor aHorton, Walter Marshall aTheism and the Scientific Spirit bNew York: Harper and Brothers Publishers c1933 aGod